| 000 | 01422nam a22003737a 4500 | ||
|---|---|---|---|
| 003 | CHAP | ||
| 005 | 20220329142208.0 | ||
| 008 | 000207d1999 mx r 00110 spa d | ||
| 010 | _a79773 | ||
| 011 | _a80745 | ||
| 035 | _a91199 | ||
| 040 | _cCHAP | ||
| 090 | _aTesis | ||
| 100 | 0 | 0 |
_aGómez Castillo, Ramón. _949647 |
| 245 | 1 | 0 |
_aAnálisis de factibilidad técnica y económica de un proyecto de producción apícola en el municipio de Jalpan, Puebla _c/por Ramón Gómez Castillo |
| 260 |
_aChapingo, Méx. : _bEl autor, _c1999. |
||
| 300 |
_a102 h. : _bcuadros ; diag. |
||
| 502 | _aTesis (Ing. Agr. Esp. en Economía Agrícola) -- UACH. División de Ciencias Económico-Administrativas | ||
| 590 |
_aALEPH _b10 _c20130110 _lUCH01 _h1433 |
||
| 590 |
_aBATCH-UPD _b10 _c20130110 _lUCH01 _h0148 |
||
| 590 |
_aBATCH-UPD _b10 _c20130110 _lUCH01 _h2000 |
||
| 590 |
_aBATCH-UPD _b10 _c20130409 _lUCH01 _h2147 |
||
| 590 |
_aBATCH-UPD _b10 _c20130410 _lUCH01 _h1320 |
||
| 590 |
_aBATCH-UPD _b10 _c20130914 _lUCH01 _h1548 |
||
| 590 |
_aCONVERSION _b10 _c20130109 _lUCH01 _h1344 |
||
| 650 | 1 | 4 |
_aApicultura _xAspectos economicos. _96246 |
| 650 | 1 | 4 |
_aApicultura _xPuebla. _96275 |
| 901 | _aBK | ||
| 905 | _aAlejandra Carrasco M. | ||
| 942 | _cFOLL | ||
| 949 |
_bBC _cTES _d33724000735973 _eTS2 _fc.2 _h34324 _i91199 _si |
||
| 949 |
_bBC _cTES _d33724000761839 _eTS2 _fc.3 _h35829 _i91199 _si |
||
| 949 |
_bBC _cTES _d911991 _eTS1 _h34323 _i91199 _sb |
||
| 999 |
_c79773 _d79773 |
||